Analog and switching circuit design: using integrated and discrete devices (Record no. 83912)

MARC details
000 -LEADER
fixed length control field 00823nam a2200193 a 4500
008 - FIXED-LENGTH DATA ELEMENTS--GENERAL INFORMATION
fixed length control field 120416s1984 ||||||||||||||||| || u
020 ## - INTERNATIONAL STANDARD BOOK NUMBER
International Standard Book Number 0852745109
050 ## - LIBRARY OF CONGRESS CALL NUMBER
Classification number TK 7868.S9 Wat
100 ## - MAIN ENTRY--PERSONAL NAME
Personal name Watson, J
245 10 - TITLE STATEMENT
Title Analog and switching circuit design: using integrated and discrete devices
260 ## - PUBLICATION, DISTRIBUTION, ETC.
Place of publication, distribution, etc. Bristol
Name of publisher, distributor, etc. ELSB/Hilger
Date of publication, distribution, etc. 1984
300 ## - PHYSICAL DESCRIPTION
Extent xv,602p. : ill.
350 ## -
-- 0.00
650 ## - SUBJECT ADDED ENTRY--TOPICAL TERM
Topical term or geographic name entry element SWITCHING CIRCUITS
650 ## - SUBJECT ADDED ENTRY--TOPICAL TERM
Topical term or geographic name entry element Solid state electronics
650 ## - SUBJECT ADDED ENTRY--TOPICAL TERM
Topical term or geographic name entry element ANALOG ELECTRONICS SYSTEMS
995 ## -
-- MAIN LIBRARY OPEN ACCESS
-- 0.00
-- 723005
-- CBU-MAIN LIBRARY (Kitwe)
-- 2
-- 7.50
-- TK 7868.S9 Wat
-- 1
-- AVAILABLE
-- 016645
-- Main Library Open Access Collection
995 ## -
-- ANNEX COLLECTION (Main Library)
-- 0.00
-- 723004
-- CBU-MAIN LIBRARY (Kitwe)
-- 4
-- 7.50
-- TK 7868.S9 Wat
-- AVAILABLE
-- 016646
-- Annex Low-Usage Collection
999 ## -
-- 83912
-- 83912
Holdings
Withdrawn status Lost status Source of classification or shelving scheme Damaged status Not for loan Permanent Location Current Location Shelving location Date acquired Total Checkouts Full call number Barcode Date last seen Copy number Price effective from Koha item type
          CBU-MAIN LIBRARY, KITWE. CBU-MAIN LIBRARY, KITWE.   01/08/2024   TK 7868.S9 Wat 016645 01/08/2024 1 01/08/2024 MONOGRAPH
          CBU-MAIN LIBRARY, KITWE. CBU-MAIN LIBRARY, KITWE.   01/08/2024   TK 7868.S9 Wat 016646 01/08/2024 2 01/08/2024 MONOGRAPH